| 000 | 00662nam a2200205Ia 4500 | ||
|---|---|---|---|
| 003 | IN-BaIIA | ||
| 008 | 211028s9999 xx 000 0 eng d | ||
| 020 | _a0-07-079292-5 | ||
| 040 | _cIIA Library | ||
| 080 |
_a031:5 _bMES-13 |
||
| 110 | _aMcGraw-Hill Book | ||
| 245 | 0 |
_aMcGraw-Hill encyclopedia of science & technology _bvol.13, an international reference work in twenty volumes including an index PAC-PLAN _cMcGraw-Hill |
|
| 250 | _a6th ed. | ||
| 260 |
_aNew York _bMcGraw-Hill _c1987 |
||
| 300 | _a691p. | ||
| 650 | _aEncyclopedia-Science & Technology | ||
| 650 | _aNASA Thesaurus | ||
| 650 |
_aScience & Technology Encyclopaedia _916949 |
||
| 942 | _cBK | ||
| 999 |
_c9993 _d9993 |
||